000 00592nam a22001697a 4500
005 20251108163344.0
008 250721s1998 xx 000 0 ara d
082 1 4 _a214.2/عبد
100 1 _aأبو صفيه، عبد الوهاب رشيد
245 1 0 _aالإعتدال في إثبات عذاب القبر ونعيمه :
_bمن خلال الرد على كتاب حقيقة عذاب القبر /
264 1 _aعمان :
_bدار عمار،
_c1998.
300 _a228ص
650 1 7 _aالشريعة الإسلامية
650 1 7 _aاليوم الآخر
942 _2ddc
_cBK
999 _c596
_d596